[Event "TCh-BIH 2011"]
[Site "Neum BIH"]
[Date "2011.06.04"]
[Round "1.5"]
[White "Erdos,V"]
[Black "Brkic,A"]
[Result "1/2-1/2"]
[WhiteElo "2609"]
[BlackElo "2588"]

1.d4 Nf6 2.c4 g6 3.Nc3 d5 4.cxd5 Nxd5 5.e4 Nxc3 6.bxc3 Bg7 7.Bc4 c5 8.Ne2 O-O
9.O-O Nc6 10.Be3 Bg4 11.f3 Bd7 12.Rb1 Rc8 13.Bd3 Qc7 14.Qd2 Rfd8 15.Rfc1 Be8
16.d5 Ne5 17.c4 b6 18.Nc3 Nxd3 19.Qxd3 e6 20.f4 f5 21.e5 g5 22.Re1 Qb7 23.Qc2 Bf7
24.d6 Bg6 25.a4 Bxe5 26.fxe5 f4 27.Qc1 Bxb1 28.Qxb1 fxe3 29.Ne4 Rf8 30.Rxe3 Kh8
31.Nf6 Rf7 32.Qd1 Rd8 33.Rh3 Rxf6 34.exf6 Qe4 35.Rd3 Qe5 36.f7 Kg7 37.h4 h6
38.a5 bxa5 39.h5 Kxf7 40.Qb1 Kg8 41.Rf3 Qg7 42.Qe4 Rxd6 43.Qa8+ Kh7 44.Qe4+ Kg8
45.Qa8+ Kh7 46.Qe4+  1/2-1/2

[Event "38th OKU 2011"]
[Site "Utrecht NED"]
[Date "2011.06.04"]
[Round "3"]
[White "Lombaers,P"]
[Black "Lalic,B"]
[Result "0-1"]
[WhiteElo "2065"]
[BlackElo "2469"]

1.d4 Nf6 2.c4 g6 3.Nc3 d5 4.cxd5 Nxd5 5.e4 Nxc3 6.bxc3 Bg7 7.Nf3 c5 8.Rb1 O-O
9.Be2 Nc6 10.d5 Ne5 11.Nxe5 Bxe5 12.Qd2 e6 13.O-O exd5 14.exd5 b6 15.c4 Qd6
16.g3 Re8 17.Re1 Ba6 18.a4 Qf6 19.Rb3 Bd4 20.Bf1 Rxe1 21.Qxe1 Kg7 22.Bf4 g5
23.Bc1 Re8 24.Qd2 h6 25.Kg2 Bc8 26.h4 gxh4 27.gxh4 Re4 28.Rg3+ Rg4 29.Qf4 Qxh4
30.Bd2 a5 31.Kf3 Qh1+ 32.Ke2 Qh5 33.Ke1 Be5 34.Rxg4+ Bxg4 35.Qe3 Bd7 36.Qb3 Bd4
37.Qxb6 Qh4 38.Kd1 Bxa4+ 39.Kc1 Qh1  0-1

[Event "TCh-BUL GpA Men"]
[Site "Albena BUL"]
[Date "2011.06.08"]
[Round "7.3"]
[White "Bojkov,D"]
[Black "Ermenkov,Evgenij"]
[Result "1/2-1/2"]
[WhiteElo "2542"]
[BlackElo "2451"]

1.d4 Nf6 2.c4 g6 3.Nc3 d5 4.cxd5 Nxd5 5.e4 Nxc3 6.bxc3 Bg7 7.Bc4 c5 8.Ne2 Nc6
9.Be3 cxd4 10.cxd4 b5 11.Bxb5 Qa5+ 12.Nc3 Qxc3+ 13.Bd2 Qxd4 14.Bxc6+ Bd7
15.Bxa8 Qxa1 16.Qxa1 Bxa1 17.O-O O-O 18.Rxa1 Rxa8 19.Rc1 Rc8 20.Rxc8+ Bxc8
21.Be3 Be6 22.Bxa7 Bxa2 23.Bc5 Bb1 24.Bxe7 Bxe4 25.Bf6 h5 26.h4 Bf5 27.g3 Kh7
28.Kh2 Be6 29.Kg2 Bg4 30.Kh2 Be6  1/2-1/2

[Event "20th ICSC TCh-EUR Club"]
[Site "Liverpool ENG"]
[Date "2011.06.12"]
[Round "7"]
[White "Marcinkeviciene,E"]
[Black "Svec,D"]
[Result "0-1"]
[WhiteElo "1735"]
[BlackElo "1951"]

1.d4 Nf6 2.c4 g6 3.Nc3 d5 4.cxd5 Nxd5 5.e4 Nxc3 6.bxc3 Bg7 7.Bc4 c5 8.Ne2 cxd4
9.cxd4 Nc6 10.Be3 b5 11.Bd3 a6 12.O-O O-O 13.Qd2 Nxd4 14.Nxd4 Bxd4 15.Bxd4 Qxd4
16.Kh1 Rd8 17.Rad1 Be6 18.Rfe1 Qa4 19.Ra1 Bc4 20.Re3 Rd4 21.Qe2 Rad8 22.Rd1 Qxa2
23.Qxa2 Bxa2 24.h3 Bc4 25.Ra1 Rxd3  0-1

[Event "DJEM U18 w"]
[Site "Oberhof GER"]
[Date "2011.06.12"]
[Round "2.1"]
[White "Dorn,C"]
[Black "Bochis,J"]
[Result "1/2-1/2"]
[WhiteElo "1900"]
[BlackElo "2128"]

1.d4 Nf6 2.c4 g6 3.Nc3 d5 4.cxd5 Nxd5 5.e4 Nxc3 6.bxc3 Bg7 7.Bc4 c5 8.Ne2 Nc6
9.Be3 O-O 10.O-O Na5 11.Bd3 b6 12.Rc1 e5 13.dxc5 Be6 14.c4 bxc5 15.Bxc5 Bh6
16.Rc3 Re8 17.Qc2 Nc6 18.Rb1 Qc7 19.Ba3 Rac8 20.c5 Nd4 21.Qd1 Bxa2 22.Rb2 Be6
23.Nxd4 exd4 24.Rcc2 Rb8 25.Bb5 d3 26.Rd2 Rxb5 27.Rxb5 Bxd2 28.Qxd2 Qd7 29.Rb4 f6
30.Bb2 Qe7 31.c6 Rc8 32.Rb7 Rc7 33.Rxc7 Qxc7 34.Qxd3 Qxc6 35.Qd8+ Kf7 36.Qxf6+ Ke8
37.Qh8+ Kd7 38.Qxh7+ Kc8 39.Qxa7 Qxe4 40.Qc5+ Kb7 41.h3 Bd7 42.Bc3 Qe6 43.Be5 Bc6
44.Qd6 Qxd6 45.Bxd6 Kc8 46.f4 Kd7 47.Be5 Ke6 48.g4 Kf7 49.Kf2 Be4 50.Kg3 Ke6
51.h4 Bc2 52.h5 gxh5 53.gxh5 Kf5 54.h6 Kg6 55.Bg7 Bf5 56.Kf3 Kf7 57.Ke3 Ke6
58.Kd4 Bh7 59.Ke3  1/2-1/2

[Event "Voronezh Master Open"]
[Site "Voronezh RUS"]
[Date "2011.06.12"]
[Round "1.14"]
[White "Barsamian,E"]
[Black "Neverov,V"]
[Result "1/2-1/2"]
[WhiteElo "2239"]
[BlackElo "2487"]

1.d4 Nf6 2.c4 g6 3.Nc3 d5 4.cxd5 Nxd5 5.e4 Nxc3 6.bxc3 Bg7 7.Nf3 O-O 8.Be2 b6
9.O-O Bb7 10.Qc2 Nd7 11.Bb2 Nf6 12.Bd3 Nh5 13.Qd2 c5 14.Qe3 Qc7 15.g3 Rad8
16.Rfd1 Kh8 17.Be2 Nf6 18.d5 Ng4 19.Qd2 Ne5 20.c4 Nxf3+ 21.Bxf3 Bc8 22.a4 Bd7
23.a5 Rb8 24.Bxg7+ Kxg7 25.axb6 axb6 26.Qf4 Qxf4 27.gxf4 Rb7 28.e5 Rc7 29.Rdb1 Rb8
30.Be2 b5 31.cxb5 c4 32.b6 Rc5 33.b7 c3 34.Bd3 c2 35.Bxc2 Rxc2 36.Ra8 Rcc8
37.bxc8=Q Rxb1+ 38.Kg2 Bxc8 39.Rxc8 Rd1 40.Rd8 Rd3 41.Rd7  1/2-1/2

[Event "Voronezh FIDE Open"]
[Site "Voronezh RUS"]
[Date "2011.06.13"]
[Round "2.28"]
[White "Kurnakov,M"]
[Black "Kasantsev,A"]
[Result "1-0"]
[WhiteElo "1896"]
[BlackElo "2109"]

1.d4 Nf6 2.c4 g6 3.Nc3 d5 4.cxd5 Nxd5 5.e4 Nxc3 6.bxc3 Bg7 7.Nf3 c5 8.Rb1 O-O
9.Be2 cxd4 10.cxd4 Qa5+ 11.Qd2 Qxd2+ 12.Bxd2 b6 13.O-O Bb7 14.d5 f5 15.exf5 Rxf5
16.Bd3 Rf8 17.Bc4 Kh8 18.Ng5 Rc8 19.Bb3 Bf6 20.Nf7+ Kg7 21.d6 Kf8 22.dxe7+ Bxe7
23.Bh6+ Ke8 24.Rfe1 Nc6 25.Nd6+ Kd7 26.Nxc8 Bxc8 27.Rbd1+ Kc7 28.Bf4+ Kb7
29.Bd5 Bc5 30.Be3  1-0

[Event "80th ch-UKR 2011"]
[Site "Kiev UKR"]
[Date "2011.06.15"]
[Round "6"]
[White "Korobov,A"]
[Black "Kovchan,A"]
[Result "1-0"]
[WhiteElo "2660"]
[BlackElo "2558"]

1.d4 Nf6 2.c4 g6 3.Nc3 d5 4.cxd5 Nxd5 5.e4 Nxc3 6.bxc3 Bg7 7.Bc4 c5 8.Ne2 O-O
9.O-O Nc6 10.Be3 Na5 11.Bd3 b6 12.Qd2 e5 13.Bg5 f6 14.Be3 f5 15.Bg5 Qd6 16.dxe5 Bxe5
17.f4 Bg7 18.e5 Qd5 19.Rad1 Bb7 20.Ng3 h6 21.Bh4 Qc6 22.Rfe1 Rae8 23.Nf1 g5
24.Bg3 Rd8 25.Qf2 c4 26.Bc2 Rxd1 27.Bxd1 Qe6 28.Nd2 g4 29.Bh4 Rf7 30.Bc2 Bf8
31.Nf1 Bc5 32.Ne3 Nc6 33.Bf6 Rxf6 34.exf6 Qxf6 35.Qd2 Ne7 36.Kf1 Qh4 37.Nxf5 Nxf5
38.Bxf5 Bc6 39.Re6 Qxh2 40.Qd8+ Kg7 41.Rg6+ Kf7 42.Qf6+ Ke8 43.Rg8+  1-0

[Event "1st Forni Open"]
[Site "Forni di Sopra ITA"]
[Date "2011.06.16"]
[Round "6"]
[White "Naumkin,I"]
[Black "Meszaros,Mi"]
[Result "1/2-1/2"]
[WhiteElo "2506"]
[BlackElo "2414"]

1.d4 Nf6 2.c4 g6 3.Nc3 d5 4.cxd5 Nxd5 5.e4 Nxc3 6.bxc3 Bg7 7.Bc4 O-O 8.Ne2 c5
9.O-O Nc6 10.Be3 Qc7 11.Rc1 Rd8 12.Bf4 Be5 13.Bxe5 Nxe5 14.Bb3 Ng4 15.Ng3 Qf4
16.Qe1 b6 17.h3 Nf6 18.e5 Nd5 19.Bxd5 Rxd5 20.c4 Rd8 21.d5 b5 22.Qa5 Bd7
23.Rfe1 Rdc8 24.Qa3 bxc4 25.Rcd1 Bf5 26.Nxf5 Qxf5 27.Qc3 Rab8 28.d6 Qe6 29.Rd2 Rd8
30.Red1 Rb6 31.Rd5 exd6 32.Qxc4 Rc8 33.Qc3 dxe5 34.Rd8+ Rxd8 35.Rxd8+ Kg7
36.Qxc5 Kh6 37.Qe3+ Kg7 38.Qa3 Kh6 39.Qxa7 Qf6 40.Rb8 Ra6 41.Qe3+ Qg5 42.Qc5 Rxa2
43.Qf8+ Kh5 44.Qxf7 Qc1+ 45.Kh2 Qf4+ 46.Qxf4  1/2-1/2

[Event "Zonal 3.4 Women"]
[Site "Tashkent UZB"]
[Date "2011.06.16"]
[Round "9.4"]
[White "Mamatkulova,M"]
[Black "Ainutdinova,Y"]
[Result "1-0"]
[WhiteElo "2046"]
[BlackElo "2088"]

1.d4 Nf6 2.c4 g6 3.Nc3 d5 4.cxd5 Nxd5 5.e4 Nxc3 6.bxc3 Bg7 7.Bc4 c5 8.Ne2 Nc6
9.Be3 O-O 10.O-O Bg4 11.f3 Na5 12.Bd3 cxd4 13.cxd4 Be6 14.d5 Bxa1 15.Qxa1 f6
16.Bh6 Re8 17.Kh1 Rc8 18.Nf4 Bf7 19.Bb5 Qc7 20.Bxe8 Bxe8 21.Ne6 Qc3 22.Qb1 Qc2
23.Qb4 Qc4 24.Qxc4 Nxc4 25.h4 Bd7 26.Nd4 b5 27.Rb1 Nd6 28.Bf4 a6 29.Rc1 Rxc1+
30.Bxc1 Nc4 31.Kg1 Kf7 32.Kf2 Ke8 33.Ke2 Kd8 34.Kd3 Kc7 35.Bh6 Kd6 36.Bf8 a5
37.Nc2 Ne5+ 38.Kd4 b4 39.Ne3 Bb5 40.Bh6 Nf7 41.Bf4+ Ne5 42.Nc4+ Kc7 43.Bxe5+ fxe5+
44.Nxe5 Bf1 45.g3 Kb6 46.Nc4+ Kb5 47.Nd2 Bh3 48.g4 Ka4 49.e5 Kb5 50.e6  1-0

[Event "US Junior Championship"]
[Site "Saint Louis USA"]
[Date "2011.06.17"]
[Round "2"]
[White "Sturt,R"]
[Black "Troff,Kayden W"]
[Result "0-1"]
[WhiteElo "2294"]
[BlackElo "2255"]

1.d4 Nf6 2.c4 g6 3.Nc3 d5 4.cxd5 Nxd5 5.e4 Nxc3 6.bxc3 Bg7 7.Be3 c5 8.Nf3 Qa5
9.Qd2 Nc6 10.Rb1 a6 11.Rc1 Bg4 12.d5 Rd8 13.Be2 e6 14.O-O Bxf3 15.Bxf3 exd5
16.exd5 Ne5 17.Be2 c4 18.d6 O-O 19.Bf4 Rd7 20.Rfd1 Rfd8 21.Bg5 Re8 22.Be7 Nc6
23.Bh4 Re6 24.Qb2 Qb5 25.Qc2 Qc5 26.Be7 Bf8 27.Bg4 f5 28.Bf3 Bxe7 29.dxe7 Rexe7
30.Rxd7 Rxd7 31.Bxc6 Qxc6 32.Re1 Qd6 33.Qe2 b5 34.h4 Rd8 35.h5 Kg7 36.Qe3 f4
37.Qe4 Rf8 38.Qb7+ Kh6 39.Qf3 Qd3 40.hxg6 Qxf3 41.gxf3 Kxg6 42.Re7 a5 43.Rb7 b4
44.cxb4 axb4 45.Rxb4 Rc8 46.Kf1 c3 47.Rb1 Kf5 48.Ke2 c2 49.Rc1 h5 50.a4 h4
51.a5 h3 52.a6 h2 53.Kd2 Rd8+ 54.Kc3 Ra8 55.Kb2 Rxa6 56.Rh1 c1=R 57.Rxc1 Re6
58.Kb3 Re2 59.Rh1 Rxf2 60.Kc4 Kg5 61.Kd4 Kh4 62.Ke4 Kg3 63.Rb1 Re2+  0-1

[Event "49th National Challengers ch-IND"]
[Site "Aurangabad IND"]
[Date "2011.06.18"]
[Round "5"]
[White "Jaiswal,P"]
[Black "Palit,S"]
[Result "1/2-1/2"]
[WhiteElo "2262"]
[BlackElo "2372"]

1.d4 Nf6 2.c4 g6 3.Nc3 d5 4.cxd5 Nxd5 5.e4 Nxc3 6.bxc3 Bg7 7.Bc4 O-O 8.Ne2 c5
9.O-O Nc6 10.Be3 Bd7 11.Rb1 Rc8 12.dxc5 Na5 13.Bd5  1/2-1/2

[Event "64th ch-RUS HL"]
[Site "Taganrog RUS"]
[Date "2011.06.18"]
[Round "4"]
[White "Kornev,Alexei"]
[Black "Sakaev,K"]
[Result "1/2-1/2"]
[WhiteElo "2511"]
[BlackElo "2629"]

1.d4 Nf6 2.c4 g6 3.Nc3 d5 4.cxd5 Nxd5 5.e4 Nxc3 6.bxc3 Bg7 7.Be3 c5 8.Qd2 O-O
9.Nf3 Qa5 10.Rc1 Rd8 11.d5 e6 12.Be2 exd5 13.exd5 Nc6 14.Bg5 f6 15.Be3 c4
16.Bxc4 Be6 17.O-O Bxd5 18.Bxd5+ Qxd5 19.Qc2 Bf8 20.Rfd1 Qf7 21.Qa4 Rac8
22.h3 Rxd1+ 23.Rxd1 b6 24.c4 Rc7 25.Qb5 Rd7 26.Rxd7 Qxd7 27.Nd4 Ne5 28.Qxd7 Nxd7
29.Nb5 a5 30.Nc7 Ne5 31.Bxb6 Nxc4 32.Bd4 Kf7 33.Kf1 Bd6 34.Nb5 Bb8 35.Ke2 Ke6
36.Kd3 Ne5+ 37.Kc3 Kd5 38.Kb3 f5 39.Bxe5 Bxe5 40.Ka4 Kc4 41.Kxa5 Kd3 42.a4 Bf4
43.Kb6 Bd2 44.a5 Bxa5+ 45.Kxa5 Ke2 46.f4 Ke3 47.g4 fxg4 48.hxg4 Kxf4 49.Kb4 Kxg4
50.Kc3 Kg3 51.Kd3 g5 52.Nd6 Kf3 53.Nf7 g4 54.Ne5+ Kf4 55.Nxg4 Kxg4  1/2-1/2

[Event "Teplice Open"]
[Site "Teplice CZE"]
[Date "2011.06.18"]
[Round "8"]
[White "Hausner,I"]
[Black "Cernousek,L"]
[Result "1/2-1/2"]
[WhiteElo "2424"]
[BlackElo "2418"]

1.d4 Nf6 2.c4 g6 3.Nc3 d5 4.cxd5 Nxd5 5.e4 Nxc3 6.bxc3 Bg7 7.Bc4 c5 8.Ne2 O-O
9.O-O Nc6 10.Be3 Na5 11.Bd3 b6 12.Qd2 e5 13.dxc5 Be6 14.cxb6 Nc4 15.Bxc4 Qxd2
16.Bxd2 Bxc4 17.Rfe1 axb6 18.Nc1 Rfd8 19.Be3 b5 20.Nb3 Rd3 21.Nc5 Rxc3 22.a4 Bf8
23.axb5 Rxa1 24.Rxa1 Bxb5 25.Ra8 Kg7 26.Rc8 Rc4 27.Rc7 Bd6 28.Ne6+ Kf6 29.Rxc4 Bxc4
30.Ng5 Kg7 31.Nf3 f5 32.Nd2 Bd3 33.f3 Bb4 34.exf5 gxf5 35.f4 exf4  1/2-1/2

[Event "80th ch-UKR 2011"]
[Site "Kiev UKR"]
[Date "2011.06.19"]
[Round "9"]
[White "Korobov,A"]
[Black "Volokitin,And"]
[Result "1/2-1/2"]
[WhiteElo "2660"]
[BlackElo "2677"]

1.d4 Nf6 2.c4 g6 3.Nc3 d5 4.cxd5 Nxd5 5.e4 Nxc3 6.bxc3 Bg7 7.Bc4 c5 8.Ne2 Nc6
9.Be3 O-O 10.O-O Na5 11.Bd3 b6 12.Rb1 cxd4 13.cxd4 Bb7 14.Qa4 Rc8 15.Rfc1 e6
16.Rxc8 Qxc8 17.Rc1 Qa8 18.f3 Rc8 19.Rxc8+  1/2-1/2

[Event "Teplice Open"]
[Site "Teplice CZE"]
[Date "2011.06.19"]
[Round "9"]
[White "Simon,Petr"]
[Black "Papay,M"]
[Result "1-0"]
[WhiteElo "1775"]
[BlackElo "1965"]

1.d4 Nf6 2.c4 g6 3.Nc3 d5 4.cxd5 Nxd5 5.e4 Nxc3 6.bxc3 Bg7 7.Nf3 c5 8.Rb1 O-O
9.Bd2 Nc6 10.d5 Ne5 11.Be2 b6 12.O-O e6 13.Nxe5 Bxe5 14.c4 exd5 15.exd5 f5
16.Rb3 f4 17.Bc3 Qf6 18.Bxe5 Qxe5 19.Bf3 Ba6 20.Re1 Qd4 21.Qxd4 cxd4 22.Be2 Rfe8
23.Kf1 Rac8 24.Ra3 Bxc4 25.Bxc4 Rxe1+ 26.Kxe1 Rxc4 27.Rxa7 d3 28.d6 Rd4 29.d7 Kf8
30.Ra8+ Ke7 31.d8=Q+ Rxd8 32.Rxd8 Kxd8 33.Kd2 Kd7 34.Kxd3 g5 35.h4 h6 36.hxg5 hxg5
37.Ke4 Ke6 38.a4 Kf6 39.Kd5 Kf5 40.Kc6 Ke4 41.Kxb6 Kd3 42.a5 Ke2 43.f3 Kf2
44.a6 Kxg2 45.a7 Kxf3 46.a8=Q+ Kg3 47.Qd5 g4 48.Qh1 f3 49.Qg1+ Kh3 50.Kc5 g3
51.Kd4 g2 52.Ke4 f2 53.Qxf2 Kh2 54.Qh4+ Kg1 55.Kf3  1-0

[Event "49th National Challengers ch-IND"]
[Site "Aurangabad IND"]
[Date "2011.06.20"]
[Round "7"]
[White "Singh,SV"]
[Black "Padmini,R"]
[Result "1-0"]
[WhiteElo "2248"]
[BlackElo "2342"]

1.d4 Nf6 2.c4 g6 3.Nc3 d5 4.cxd5 Nxd5 5.e4 Nxc3 6.bxc3 Bg7 7.Nf3 c5 8.Rb1 O-O
9.Be2 cxd4 10.cxd4 Qa5+ 11.Bd2 Qxa2 12.O-O a5 13.Bg5 Re8 14.Re1 h6 15.Qc1 Qe6
16.Bxh6 Bxh6 17.Qxh6 Qf6 18.Bc4 Nc6 19.Ng5 e6 20.d5 Ne5 21.Bb5 Rd8 22.Qh7+ Kf8
23.Qh4 Kg7 24.f4 Rh8 25.fxe5 Qxe5 26.Qxh8+  1-0

[Event "80th ch-UKR 2011"]
[Site "Kiev UKR"]
[Date "2011.06.21"]
[Round "11"]
[White "Korobov,A"]
[Black "Areshchenko,A"]
[Result "1/2-1/2"]
[WhiteElo "2660"]
[BlackElo "2694"]

1.d4 Nf6 2.c4 g6 3.Nc3 d5 4.cxd5 Nxd5 5.e4 Nxc3 6.bxc3 Bg7 7.Bc4 c5 8.Ne2 Nc6
9.Be3 O-O 10.O-O Bg4 11.f3 Na5 12.Bxf7+ Rxf7 13.fxg4 Rxf1+ 14.Kxf1 Qd6 15.Kg1 Qe6
16.Qd3  1/2-1/2

[Event "Baltija Cup Open A"]
[Site "Palanga LTU"]
[Date "2011.06.21"]
[Round "4.19"]
[White "Plunge,G"]
[Black "Vicas,M"]
[Result "0-1"]
[WhiteElo "2068"]
[BlackElo "1896"]

1.d4 Nf6 2.c4 g6 3.Nc3 d5 4.cxd5 Nxd5 5.e4 Nxc3 6.bxc3 Bg7 7.Bc4 c5 8.Ne2 O-O
9.O-O Nc6 10.Be3 Qc7 11.Rc1 Rd8 12.Qc2 Na5 13.Bb3 Nxb3 14.axb3 b6 15.Rfd1 Ba6
16.d5 Rac8 17.c4 b5 18.cxb5 Bxb5 19.Bxc5 Qxc5 20.Qxc5 Rxc5 21.Rxc5 Bxe2 22.Re1 Bd3
23.Rc7 Bf8 24.Rd1 Bb5 25.Rxa7 e6 26.Rb7 Bc6 27.Rc7 Ba8 28.Rdc1 exd5 29.Rc8 Rxc8
30.Rxc8 Bb7 31.Rc7 Ba6 32.exd5 Kg7 33.f4 Bd3 34.g3 Be4 35.Rd7 Bc5+ 36.Kf1 Kf8
37.Ke2 Ke8 38.Rc7 Bd6 39.Rc4 Bg2 40.b4 Kd7 41.Rd4 Kc7 42.Rc4+ Kb7 43.Rd4 Kb6
44.Kf2 Bh3 45.Kf3 Kb5 46.g4 Bf1 47.h4 Bc4 48.f5 Kxb4 49.fxg6 fxg6 50.h5 Kc5
51.Ke4 Be2 52.Ke3 Bc4 53.Ke4 Be7 54.Rd2 Kd6 55.Rd4 Bf1 56.hxg6 hxg6 57.Kf3 Bf6
58.Rd1 Bc4 59.Ke4 Bc3 60.Kf4 Bf6 61.Ke4 Bb3 62.Rd2 Bc3 63.Rf2 Bxd5+ 64.Kf4 Bf6
65.Rd2 Bd8 66.Rd1 Ke6 67.Re1+ Kf6 68.g5+ Kf7 69.Ke5 Bb7 70.Rf1+ Kg7 71.Rb1 Bf3
72.Kf4 Bc6 73.Rc1 Bd7 74.Rc5 Be7 75.Ra5 Bd6+ 76.Kf3 Kf7 77.Ke4 Ke6 78.Ra6 Bb5
79.Rb6 Ba4 80.Ra6 Bc2+ 81.Kf3 Bd3 82.Rb6 Ke5 83.Kg4 Bc5 84.Rc6 Bf5+ 85.Kf3 Be7
86.Ra6 Bxg5 87.Ra5+ Kf6 88.Ra6+ Kg7 89.Ra8 Bf6 90.Ra2 g5 91.Ra5 Kg6 92.Ra6 Bc8
93.Rb6 Kf5 94.Kg2 Be6 95.Rb5+ Be5 96.Kf3 g4+ 97.Kg2 Bc4 98.Rc5 Bd3 99.Ra5 Be4+
100.Kf2 Kf4 101.Ra4 g3+ 102.Kf1 Bd6 103.Ra5 Bb4 104.Ra2 Bc5  0-1

[Event "Baltija Cup Open A"]
[Site "Palanga LTU"]
[Date "2011.06.22"]
[Round "6.20"]
[White "Vainovskaia,V"]
[Black "Vicas,M"]
[Result "0-1"]
[WhiteElo "1960"]
[BlackElo "1896"]

1.d4 Nf6 2.c4 g6 3.Nc3 d5 4.cxd5 Nxd5 5.e4 Nxc3 6.bxc3 Bg7 7.Bc4 c5 8.Ne2 O-O
9.O-O Nc6 10.Be3 Qc7 11.Rc1 Rd8 12.Qd2 Ne5 13.Bd5 e6 14.dxe5 exd5 15.exd5 Qxe5
16.c4 b6 17.Bf4 Qb2 18.Rc2 Qa3 19.Ng3 Bd7 20.Ne4 Bf5 21.Re1 Re8 22.f3 Qa4
23.g4 Bxe4 24.fxe4 Qd7 25.Qg2 Re7 26.e5 Rae8 27.Rce2 g5 28.e6 fxe6 29.Bxg5 Bd4+
30.Kh1 Rg7 31.Bh6 Rg6 32.g5 e5 33.Rf1 Qc7 34.Re4 Kh8 35.Qg4 Reg8 36.h4 Rxh6
37.Rf5 Rhg6 38.Qf3 R6g7 39.Rg4 Qe7 40.Qe4 Rf8 41.h5 Rxf5 42.Qxf5 Qf7 43.Qe4 Qxh5+
44.Kg2 Rxg5  0-1

[Event "64th ch-RUS HL"]
[Site "Taganrog RUS"]
[Date "2011.06.22"]
[Round "7"]
[White "Kobalia,M"]
[Black "Danin,A"]
[Result "1-0"]
[WhiteElo "2679"]
[BlackElo "2534"]

1.d4 Nf6 2.c4 g6 3.Nc3 d5 4.cxd5 Nxd5 5.e4 Nxc3 6.bxc3 Bg7 7.Nf3 c5 8.Be3 Qa5
9.Qd2 O-O 10.Rb1 b6 11.Bd3 Ba6 12.Bxa6 Nxa6 13.O-O cxd4 14.cxd4 Qxd2 15.Bxd2 Rfc8
16.Rfc1 e6 17.Kf1 f5 18.exf5 exf5 19.a4 Nc7 20.Rc6 Nd5 21.Rbc1 Rd8 22.Bg5 Rd7
23.Ne5 Bxe5 24.dxe5 Rb7 25.Rd6 Ne7 26.e6 Kg7 27.Rd7 Rxd7 28.exd7 Kf7 29.Bxe7 Kxe7
30.Rc8  1-0

[Event "25th Open Pula"]
[Site "Pula CRO"]
[Date "2011.06.23"]
[Round "7.24"]
[White "Dusper,H"]
[Black "Rogulj,B"]
[Result "1/2-1/2"]
[WhiteElo "2198"]
[BlackElo "2390"]

1.d4 Nf6 2.c4 g6 3.Nc3 d5 4.cxd5 Nxd5 5.e4 Nxc3 6.bxc3 Bg7 7.Bc4 Qd7 8.Nf3 O-O
9.O-O b6 10.Bd5 c6 11.Bb3 Qc7 12.Be3 Bb7 13.Qd2 c5 14.Bf4 Qc8 15.Rfe1 Nc6
16.Bh6 Na5 17.Bxg7 Kxg7 18.Qg5 Nxb3 19.axb3 cxd4 20.cxd4 Qe6 21.d5 Qf6 22.Qd2 Rfc8
23.Rac1 Qd6 24.Qd4+ Kg8 25.Rcd1 Rc2 26.e5 Qc5 27.d6 Bxf3 28.gxf3 exd6 29.exd6 Qxd4
30.Rxd4 Rd8 31.Re7 Rc5 32.d7 Kf8 33.Rde4 Kg7 34.Rd4 Kf8 35.Rde4  1/2-1/2

[Event "4th Sveins Memorial"]
[Site "Oslo NOR"]
[Date "2011.06.24"]
[Round "8"]
[White "Ostmoe,G"]
[Black "Hammer,J"]
[Result "1/2-1/2"]
[WhiteElo "2434"]
[BlackElo "2609"]

1.d4 Nf6 2.c4 g6 3.Nc3 d5 4.cxd5 Nxd5 5.e4 Nxc3 6.bxc3 Bg7 7.Bc4 c5 8.Ne2 O-O
9.Be3 Nc6 10.O-O Na5 11.Bd3 b6 12.Qd2 e5 13.dxc5 Be6 14.cxb6 Nc4 15.Bxc4 Qxd2
16.Bxd2 Bxc4 17.Rfe1 axb6 18.a3 Ra6 19.Be3 Rfa8 20.Ng3 Bf8 21.Bc1 Bxa3 22.Bxa3 Rxa3
23.Rxa3 Rxa3 24.Rc1 Bd3 25.f3 b5 26.Nf1 f5 27.exf5 gxf5 28.Ne3 Kf7 29.f4 Ke6
30.g3 exf4 31.gxf4 Be4 32.Nd1 Ra8 33.Kf2 Ra2+ 34.Ke3 Rxh2 35.Nf2 Bd5 36.Ra1 Kd6
37.Nd3 Be4 38.Nf2 Bc2 39.Ra2 Bb3 40.Ra3 Bc4 41.Ra6+ Kd5 42.Rf6 Rh5 43.Rf8 Ba2
44.Rd8+ Ke6 45.Rb8 Bc4 46.Kd4 Rh2 47.Rb6+ Kf7 48.Ke3 Rg2 49.Rb7+ Kg6 50.Rb6+ Kg7
51.Rb7+ Kh6 52.Rb6+ Kh5 53.Rf6 Rg3+ 54.Kd2 h6 55.Rxf5+ Kg6 56.Rc5 Rf3 57.Ne4 Rd3+
58.Kc2 Rd5 59.Rc6+ Kg7 60.Ng3 h5 61.f5 Bd3+ 62.Kc1 Bxf5 63.Nxh5+ Kf7 64.Nf4 Re5
65.c4 Re4 66.Nd5 Be6 67.Nc3 Rxc4 68.Rxc4 Bxc4 69.Nxb5 Bxb5  1/2-1/2

[Event "XIX Open A"]
[Site "Montcada i Reixac ESP"]
[Date "2011.06.25"]
[Round "1"]
[White "Peralta,Fe"]
[Black "Massoni,M"]
[Result "1/2-1/2"]
[WhiteElo "2608"]
[BlackElo "2320"]

1.d4 Nf6 2.c4 g6 3.Nc3 d5 4.cxd5 Nxd5 5.e4 Nxc3 6.bxc3 Bg7 7.Bc4 c5 8.Ne2 Nc6
9.Be3 O-O 10.O-O Na5 11.Bd3 b6 12.Rc1 e5 13.dxe5 Be6 14.Nf4 Bxa2 15.c4 Bb3
16.Qe2 Bxe5 17.Nd5 b5 18.cxb5 Bxd5 19.Rxc5 Bxe4 20.Bxe4 Bxh2+ 21.Kxh2 Qh4+
22.Kg1 Qxe4 23.Qa2 Nb7 24.Rc6 Qe5 25.Ra6 Rab8 26.Qa1 Qxa1 27.Rfxa1 Nd8 28.Rb1 Rb7
29.Rxa7 Rxa7 30.Bxa7 Re8 31.Rc1 Re7 32.Bb6 Nb7 33.Rc8+ Kg7 34.Bd4+ f6 35.Rc6 Rf7
36.f4 Na5 37.Rd6 Nc4 38.Rc6 Na5 39.Rd6 Nc4 40.Ra6 Rd7 41.Bxf6+ Kf7 42.Bc3 Rd3
43.Ra7+ Ke6 44.Bh8 Rb3 45.Rc7 Nd6 46.Rxh7 Rxb5 47.Ra7 Kf5 48.Ra6 Ne4 49.Bd4 Rd5
50.Ba7 Nf6 51.Bb8 Rb5 52.Bc7 Ng4 53.Ra1 Rc5 54.Bb8 Rb5 55.Bc7 Rc5 56.Bd6 Rd5
57.Bc7  1/2-1/2

[Event "US Junior Championship"]
[Site "Saint Louis USA"]
[Date "2011.06.25"]
[Round "9"]
[White "Shen,V"]
[Black "Young,G"]
[Result "1/2-1/2"]
[WhiteElo "2281"]
[BlackElo "2327"]

1.d4 Nf6 2.c4 g6 3.Nc3 d5 4.cxd5 Nxd5 5.e4 Nxc3 6.bxc3 Bg7 7.Bg5 c5 8.Rc1 O-O
9.Nf3 Bg4 10.d5 Qa5 11.Qd2 e6 12.Be2 Nd7 13.O-O Rfe8 14.h3 Bxf3 15.Bxf3 Ne5
16.Be2 exd5 17.exd5 f6 18.Be3 Rad8 19.Rb1 Qc7 20.c4 Nf7 21.Rb3 f5 22.Rfb1 b6
23.Bf1 Be5 24.Qc1 Rd6 25.a4 a5 26.Rb5 Qd8 27.g3 Rf6 28.Bg2 Bc7 29.d6 Nxd6
30.Bd5+ Kg7 31.R5b3 Nf7 32.f4 Nd6 33.Bd2 Ne4 34.Be1 h5 35.Re3 Kh7 36.h4 Rd6
37.Bc3 Nxc3 38.Qxc3 Re7 39.Rbe1 Rxe3 40.Rxe3 Rd7 41.Qe1 Bd6 42.Re8 Qf6 43.Re6 Qg7
44.Qb1 Bc7 45.Kg2 Re7 46.Qe1 Rxe6 47.Qxe6 Bd8 48.Kh3 Bc7 49.Qe8 Bd6 50.Bf7 Bxf4
51.gxf4 Qc3+ 52.Kg2 Qd2+ 53.Kf3 Qd3+ 54.Qe3 Qxe3+ 55.Kxe3  1/2-1/2

[Event "7th Lazy Open"]
[Site "Lazy POL"]
[Date "2011.06.26"]
[Round "2.1"]
[White "Olszewski,Mi"]
[Black "Aliavdin,N"]
[Result "1-0"]
[WhiteElo "2542"]
[BlackElo "2397"]

1.d4 Nf6 2.c4 g6 3.Nc3 d5 4.cxd5 Nxd5 5.e4 Nxc3 6.bxc3 Bg7 7.Nf3 c5 8.Be3 Qa5
9.Qd2 O-O 10.Rc1 Rd8 11.d5 e6 12.Bg5 f6 13.Bf4 Qa4 14.c4 exd5 15.exd5 Nc6
16.Bd3 Nb4 17.Bb1 b5 18.O-O bxc4 19.d6 Be6 20.Rfe1 Bf7 21.Re7 Rab8 22.Bg3 Rd7
23.a3 c3 24.Rxc3 Nd5 25.Bc2 Qa5 26.Rb3  1-0

[Event "19th Albena Open"]
[Site "Albena BUL"]
[Date "2011.06.28"]
[Round "4.36"]
[White "Melderis,U"]
[Black "Sarenac,I"]
[Result "0-1"]
[WhiteElo "2014"]
[BlackElo "2315"]

1.d4 Nf6 2.c4 g6 3.Nc3 d5 4.cxd5 Nxd5 5.e4 Nxc3 6.bxc3 Bg7 7.Bc4 c5 8.Ne2 O-O
9.O-O Nc6 10.Be3 Bd7 11.Qd2 Qc7 12.Rac1 a6 13.Bh6 b5 14.Bxg7 Kxg7 15.Bd5 Rad8
16.Bxc6 Bxc6 17.Qe3 e6 18.Rfd1 Qb7 19.f3 Qe7 20.Qf4 f6 21.Qe3 Rd7 22.Rd2 Rfd8
23.Rcd1 cxd4 24.cxd4 b4 25.Nc1 Ba4 26.Nb3 Bxb3 27.Qxb3 Qd6 28.Rc2 Qb6 29.h4 Rxd4
30.Rxd4 Rxd4 31.Kh2 Qd6+ 32.g3 Rd3 33.Rc7+ Kh6  0-1

[Event "ch-NED Women"]
[Site "Boxtel NED"]
[Date "2011.06.28"]
[Round "3"]
[White "Peng Zhaoqin"]
[Black "Van Weersel,A"]
[Result "1-0"]
[WhiteElo "2375"]
[BlackElo "2246"]

1.d4 Nf6 2.c4 g6 3.Nc3 d5 4.cxd5 Nxd5 5.e4 Nxc3 6.bxc3 Bg7 7.Bg5 c5 8.Rc1 Qa5
9.Qd2 h6 10.Be3 Nc6 11.d5 Ne5 12.h3 Qa4 13.c4 Qb4 14.Qxb4 cxb4 15.f4 Nd7
16.c5 Nf6 17.Bb5+ Kf8 18.Bd3 e6 19.d6 Bd7 20.e5 Nd5 21.Bd2 g5 22.g3 h5 23.Nf3 Bc6
24.O-O gxf4 25.gxf4 Ke8 26.Ng5 Rf8 27.h4 Kd7 28.Be2 f6 29.exf6 Bxf6 30.Bxh5 Bd4+
31.Kh2 Rh8 32.Bf7 Rxh4+ 33.Kg3 Rh6 34.Rfe1 Nxf4 35.Bxf4 Bd5 36.Nxe6 Rxe6
37.Red1 Rg8+ 38.Bxg8 Rg6+ 39.Kh2 Rxg8 40.Rxd4 Rh8+ 41.Kg3 Bxa2 42.Rxb4 Rg8+
43.Kf2 Bd5 44.Rg1  1-0

[Event "7th A Ermaka Memorial"]
[Site "Zaporizhzhia UKR"]
[Date "2011.06.28"]
[Round "5.1"]
[White "Tovmasian,V"]
[Black "Zubarev,Al1"]
[Result "1/2-1/2"]
[WhiteElo "2363"]
[BlackElo "2600"]

1.d4 Nf6 2.c4 g6 3.Nc3 d5 4.cxd5 Nxd5 5.e4 Nxc3 6.bxc3 Bg7 7.Bc4 O-O 8.Ne2 c5
9.O-O Nc6 10.Be3 Qc7 11.Rc1 Bd7 12.f4 Rad8 13.d5 Na5 14.Bd3 f5 15.c4 fxe4
16.Bxe4 b6 17.Qc2 e6 18.Bd2 exd5 19.Bxd5+ Kh8 20.Be4 Nc6 21.Bc3 Nd4 22.Nxd4 cxd4
23.Bd2 Bf5 24.Bxf5 Rxf5 25.Qd3 Rc8 26.Rfe1 Kg8 27.Re4 Qf7 28.Qe2 Rfc5 29.Re7 Qf6
30.Re1 Rxc4 31.Rxa7 Bf8 32.Qe4 Qc6 33.Qd3 b5 34.Qh3 Rc7 35.Rxc7 Qxc7 36.Qb3 Qf7
37.Re5 Ra4 38.Rd5 Ra3 39.Qxb5 Rxa2 40.Rxd4 Rc2 41.Kh1 Qa2 42.Qd5+ Qxd5 43.Rxd5 Bb4
44.Be3 Re2 45.Bg1 Kf7 46.h3 Ke6 47.Rd8 Be7 48.Re8 Kf7 49.Ra8 Bd6 50.Ra4 h5
51.Ra7+ Ke6 52.Ra6 Kd5 53.Ra5+ Ke4 54.Ra4+  1/2-1/2

[Event "19th Albena Open"]
[Site "Albena BUL"]
[Date "2011.06.30"]
[Round "6.1"]
[White "Cheparinov,I"]
[Black "Rodshtein,M"]
[Result "1/2-1/2"]
[WhiteElo "2669"]
[BlackElo "2638"]

1.d4 Nf6 2.c4 g6 3.Nc3 d5 4.cxd5 Nxd5 5.e4 Nxc3 6.bxc3 Bg7 7.Be3 c5 8.Qd2 O-O
9.Nf3 Qa5 10.Rc1 e6 11.Bh6 Rd8 12.h4 cxd4 13.Bxg7 Kxg7 14.cxd4 Nc6 15.Qxa5 Nxa5
16.Kd2 Bd7 17.h5 f6 18.e5 Nc6 19.hxg6 hxg6 20.exf6+ Kxf6 21.Rh7 e5 22.Nxe5 Nxe5
23.dxe5+ Kxe5 24.Ke3 Kf6 25.Rc7 Be6 26.Rxb7 Bxa2 27.Rxa7 Be6 28.Bd3 Rxa7
29.Rxa7 Rd6 30.f3 Bf7 31.f4 Be6 32.Ra5 Rb6 33.Be2 Rb3+ 34.Kf2 Rb2 35.Ke3 Rb3+
36.Kf2 Rb2 37.Ke3  1/2-1/2